| 000 | 00686nam a2200193Ia 4500 | ||
|---|---|---|---|
| 008 | 090124s9999 xx 000 0 und d | ||
| 020 | _a81-7486-264-1 | ||
| 082 | _b44544 | ||
| 100 | _aधोंड म. वा. | ||
| 245 | _a ज्ञानेश्वरातील लौकिक सृष्टी | ||
| 250 | _a2 | ||
| 260 |
_bमौज प्रकाशन _c2002 |
||
| 300 | _a179 | ||
| 600 | _aधोंड म. वा. | ||
| 630 | _a ज्ञानेश्वरातील लौकिक सृष्टी | ||
| 700 | _aधोंड म. वा. | ||
| 730 | _a ज्ञानेश्वरातील लौकिक सृष्टी | ||
| 942 | _cBOOK | ||
| 999 |
_c110754 _d110754 |
||